| 000 | 00000nam 2200000za 4500 |
| 001 | 9.531926 |
| 003 | CaOODSP |
| 005 | 20200327085809 |
| 007 | ta |
| 008 | 150406|1999||||xxc||||| f|0| 0 eng d |
| 020 | |a0-662-64203-1 |
| 040 | |aCaOODSP|beng |
| 041 | |aeng |
| 041 | |afre |
| 043 | |an-cn--- |
| 086 | 1 |aC21-25/7-1999 |
| 110 | 1 |aCanada.|bIndustry Canada. |bMicro-Economic Analysis Directorate. |
| 245 | 10|aImplications of foreign ownership restrictions for the Canadian economy: a sectoral analysis / |cby Steven Globerman. |
| 260 | |aOttawa - Ontario : |bIndustry Canada. |c1999. |
| 300 | |aEnglish text, 39p. : |c28 cm. |
| 490 | 1 |aDiscussion paper|v7 |
| 500 | |a"The purpose of this report is to assess the implications of foreign ownership restrictions for the Canadian economy on a sectoral level. The assessment draws largely upon a literature review, although it also incorporates some original theoretical analysis."--Introduction. |
| 504 | |aBibliography. |
| 520 | 3 |aThe purpose of this report is to assess the implications of foreign ownership restrictions for the Canadian economy on a sectoral level. The assessment draws largely upon a literature review, although it also incorporates some original theoretical analysis.--Introduction |
| 546 | |aBilingual |
| 563 | |aSoftcover |
| 590 | |a99-47|b1999-11-26 |
| 690 | 07|aForeign investments|2gcpds |
| 690 | 07|aForeign policy|2gcpds |
| 690 | 07|aEconomic conditions|2gcpds |
| 720 | 1 |aHardi, Peter |
| 776 | 0#|tImplications of foreign ownership restrictions for the Canadian economy |w(CaOODSP)9.571967 |
| 776 | 0#|tConséquences des restrictions à la propriété étrangère pour l'économie canadienne |w(CaOODSP)9.602387 |
| 792 | |tConséquences des restrictions à la propriété étrangère pour l'économie canadienne: une analyse sectorielle / |efre|w(CaOODSP)9.531927 |
| 830 | #0|aDiscussion paper (Canada. Industry Canada)|v7|w(CaOODSP)9.509054 |